Statistics for Click Timeline: Star Wars Movies

Click here to take the quiz!

General Stats

  • This quiz has been taken 52,070 times
  • The average score is 8 of 11

Answers on the Map

Answers color-coded by a green-red scale on the quiz's map according to % correct below.
 

Answer Stats

Answer% Correct
A New Hope
90%
The Empire Strikes Back
83%
Return of the Jedi
81%
Revenge of the Sith
81%
Attack of the Clones
79%
The Phantom Menace
79%
The Rise of Skywalker
70%
The Force Awakens
66%
Rogue One
63%
Solo
57%
The Last Jedi
53%

Score Distribution

Percentile by Number Answered

Percent of People with Each Score

Your Score History

You have not taken this quiz